Analýza nákladov dopravnej spoločnosti / náklady dopravcu z pohľadu zasielateľa diplomová práca

Salvato in:
Dettagli Bibliografici
Autore principale: Murániová, Tatiana
Ente Autore: Fakulta podnikového manažmentu EU. Katedra manažmentu výroby a logistiky - zrušená
Altri autori: Stern, Juraj
Natura: Libro
Lingua:slovacco
Pubblicazione: Bratislava 2016
Tags: Aggiungi Tag
Nessun Tag, puoi essere il primo ad aggiungerne!!

MARC

LEADER 00000nbm a2200000 4500
001 0218224
005 20161108085409.9
041 0 |a slo 
044 |a SK 
245 1 0 |a Analýza nákladov dopravnej spoločnosti / náklady dopravcu z pohľadu zasielateľa  |b diplomová práca  |c Tatiana Murániová ; školiteľ: Juraj Stern 
264 1 |a Bratislava  |c 2016 
300 |a 56 s. 
100 1 |a Murániová, Tatiana 
700 1 |a Stern, Juraj 
710 2 |a Fakulta podnikového manažmentu EU. Katedra manažmentu výroby a logistiky - zrušená